000 02619cam a2200349 a 4500
003 EG-GiCUC
005 20250223032510.0
008 200106s2019 ua dh f m 000 0 eng d
040 _aEG-GiCUC
_beng
_cEG-GiCUC
041 0 _aeng
049 _aDeposite
097 _aPh.D
099 _aCai01.11.25.Ph.D.2019.Ma.P
100 0 _aMarwan Shams Eldin Mohamed
245 1 4 _aThe ponseti method with or without abductor hallucis tenotomy for treating persistent forefoot adduction in idiopathic congenital talipes equinovarus /
_cMarwan Shams Eldin Mohamed ; Supervised Yehia Nour Eldin Tarraf , Hassan Magdy Elbarbary , Khaled Hamed Salem
246 1 5 _aطريقة بونسيتى مع أو دون قطع الوتر المبعد للإصبع الأكبر بالقدم لعلاج حالات التقارب الأمامى المستمر لحالات القدم المخلبية الخلقية الأولية
260 _aCairo :
_bMarwan Shams Eldin Mohamed ,
_c2019
300 _a124 P. :
_bcharts , facsimiles ;
_c25cm
502 _aThesis (Ph.D.) - Cairo University - Faculty of Medicine - Department of Orthopedic Surgery
520 _aObjectives: The aim of this study is comparing the results between the Ponseti method with or without abductor hallucistenotomy (AHT) in idiopathic talipesequinovarus as a treatment of persistent forefoot adduction during serial casting.Methods:A study of One hundred case (100) children (137 feet) history of idiopathic clubfeet had been treated prospectively in Abo El Reesh pediatric hospital between February 2017 and August 2018 (18 months). Fifty cases (65 feet) managed with Ponseti method (Group 1) and 50 cases (72 feet) managed with abductor hallucistenotomy during serial casting for treating forefoot adduction with Ponseti method (Group 2).Results and conclusion: two groups, group I 50 cases (65 feet) managed with Ponseti and group II 50 cases (72 feet) managed with Ponseti and abductor hallucistenotomy,followed up 9 months. group I 89% while group II 97% sucessrate,meanPirani score 1.015 in group I while in group II 0.4, Abductor hallucistenotomy shortens the duration and number of casts, decreases cost and risk of leg atrophy and relapse
530 _aIssued also as CD
653 4 _aAbductor hallucis
653 4 _aClubfoot
653 4 _aPonseti
700 0 _aHassan Magdy Elbarbary ,
_eSupservisor
700 0 _aKhaled Hamed Salem ,
_eSupservisor
700 0 _aYehia Nour Eldin Tarraf,
_eSupservisor
856 _uhttp://172.23.153.220/th.pdf
905 _aNazla
_eRevisor
905 _aShimaa
_eCataloger
942 _2ddc
_cTH
999 _c76235
_d76235